000 00358 a2200157 4500
001 153708
040 _cEscola São Tomás de Aquino
100 _aZIGG, Ivan
240 1 0 _aFeliz aniversário, Dani!
_lpor
245 1 0 _aFeliz aniversário, Dani!
300 _a32
362 0 _a2005
440 1 _aDimensão
697 _a*LITERATURA JUVENIL
942 _cBK
999 _c153708
_d153708